000 00796cam a2200253 a 4500
001 000004444
003 DO-SdBNP
005 20210928092309.0
008 750725s 1972 sp 000 0 spa
040 _aDO-SdBNP
_bspa
_cBNPHU
041 1 7 _aspa
_heng
082 4 _aBNPHU PD 891.62
_bO33i
100 1 _aO'Flaherty, Liam,
_d1896-1984.
_913034
245 1 0 _aInsurrección /
_cLiam O'Flaherty ; traductor Lucrecia Moreno de Sáenz.
260 _aMadrid :
_bAlianza,
_c1972.
300 _a240 p. ;
_c18 cm.
490 1 _aEl libro del bolsillo ;
_v390
534 _aTítulo original: Insurrection.
650 4 _aNovela irlandesa
_911511
650 1 4 _aLiteratura irlandesa
_913035
700 1 2 _aMoreno de Sáenz, Lucrecia,
_etr.
_913036
830 0 _nLibro de bolsillo
_p390
_980057
942 _2ddc
_cLBS1
999 _c4253
_d4253